000 00653nam a2200229Ia 4500
003 OSt
005 20220923230203.0
006 a|||||r|||| 00| 0
007 ta
008 220922b |||||||| |||| 00| 0 san d
024 _a278,170
037 _cTextual
040 _aARTS
_cARTS
_bsan
041 _2san
_asan
082 _aO153,1:gM5, N1
100 _aਖੀਵਾ, ਲਾਭ ਸਿੰਘ
245 0 _aਮਲਵਈ ਕਵੀFਰੀ ਪਰੰਪਰਾ
260 _c1991
650 _aਪੰਜਾਬੀ ਸਾਹਿਤ
942 _hO153,1:gM5, N1
_cTEXL
_2CC
999 _c383127
_d383127